000 00573nam a2200205Ia 4500
005 20250923145925.0
008 008 250917s9999 xx 000 0 eng d
037 _aTextual
040 _aDSWL
_beng
_cDSWL
041 _aeng
_2eng
084 _aQ7.26, N91
_qDSWL
245 2 _aA manual of Islamic Beliefsand practice
_c by A.M. Naqvi
260 _aIran
_bIran Aurariyan Publication
_c1991
300 _a255p.
365 _aINR
_b125.00
700 _a J. Cooper
_9840362
925 _g125.00
942 _cTEXL
_hQ7.26, N91
999 _c1457415
_d1457415